BIBLIOTECA “JULIO CORTÁZAR”
ESCUELA AGROTÉCNICA “LIBERTADOR GENERAL SAN MARTÍN” - UNR – CASILDA

Logo Escuela Logo UNR

Educación cívica 3. / (Record no. 112)

MARC details
000 -LEADER
campo de control de longitud fija 00835nam#a22003135ar4500
001 - NÚMERO DE CONTROL
campo de control 112
008 - DATOS DE LONGITUD FIJA--INFORMACIÓN GENERAL
campo de control de longitud fija 051109s1990####ag#ac##d|b####||1#0#spa|d
020 ## - NÚMERO INTERNACIONAL ESTÁNDAR DEL LIBRO
Número Internacional Estándar del Libro 950460126x
080 ## - NÚMERO DE LA CLASIFICACIÓN DECIMAL UNIVERSAL
Número de la Clasificación Decimal Universal 37.01
084 ## - OTRO NÚMERO DE CLASIFICACIÓN
Número de clasificación S12
040 ## - FUENTE DE CATALOGACIÓN
Centro catalogador/agencia de origen AR-ClEAG
Centro/agencia transcriptor AR-ClEAG
005 - FECHA Y HORA DE LA ÚLTIMA TRANSACCIÓN
campo de control 20241107184625.0
003 - IDENTIFICADOR DE NÚMERO DE CONTROL
campo de control AR-ClEAG
100 1# - ENTRADA PRINCIPAL--NOMBRE DE PERSONA
Nombre de persona Sabsay, Daniel Alberto.
245 10 - MENCIÓN DEL TÍTULO
Título Educación cívica 3. /
Mención de responsabilidad, etc. Daniel Alberto Sabsay, Alicia BeatrizCasullo, Palmira Dobaño Fernandez.
250 ## - MENCION DE EDICION
Mención de edición 1ª ed.
260 ## - PUBLICACIÓN, DISTRIBUCIÓN, ETC.
Lugar de publicación, distribución, etc. Buenos Aires :
Nombre del editor, distribuidor, etc. Santillana,
Fecha de publicación, distribución, etc. 1990.
300 ## - DESCRIPCIÓN FÍSICA
Extensión 159 p. :
Otras características físicas il., fot ;
Dimensiones 18 cm.
653 ## - TÉRMINO DE INDIZACIÓN--NO CONTROLADO
Término no controlado Población Argentina
653 ## - TÉRMINO DE INDIZACIÓN--NO CONTROLADO
Término no controlado Salud
653 ## - TÉRMINO DE INDIZACIÓN--NO CONTROLADO
Término no controlado Trabajo
653 ## - TÉRMINO DE INDIZACIÓN--NO CONTROLADO
Término no controlado Vivienda
653 ## - TÉRMINO DE INDIZACIÓN--NO CONTROLADO
Término no controlado Cultura
653 ## - TÉRMINO DE INDIZACIÓN--NO CONTROLADO
Término no controlado Educación
653 ## - TÉRMINO DE INDIZACIÓN--NO CONTROLADO
Término no controlado Cívica
700 1# - ENTRADA AGREGADA--NOMBRE PERSONAL
Nombre de persona Casullo, Alicia Beatriz.
700 1# - ENTRADA AGREGADA--NOMBRE PERSONAL
Nombre de persona Dobaño Fernandez, Palmira.
942 ## - ELEMENTOS DE ENTRADA SECUNDARIOS (KOHA)
Tipo de ítem Koha Libros
980 ## - EQUIVALENCIA O REFERENCIA-CRUZADA-MENCIÓN DE SERIE--NOMBRE DE PERSONA/TÍTULO [LOCAL, CANADÁ]
Enlace 2
Nombre de persona Evangelina Gallicchio
Enlace entre campo y número de secuencia 2
Información miscelánea Evangelina Gallicchio
Holdings
Estatus retirado Estado de pérdida Fuente del sistema de clasificación o colocación Estado de daño No para préstamo Biblioteca de origen Biblioteca actual Ubicación en estantería Fecha de adquisición Número de inventario Total de préstamos Signatura topográfica completa Código de barras Visto por última vez Precio de reemplazo Tipo de ítem Koha
    Clasificación decimal universal     Julio Cortázar Julio Cortázar   07/11/2024 461   R07 37.01 S12 v3 1 461 07/11/2024 07/11/2024 Libros

Contacto

Biblioteca Julio Cortázar. Escuela Agrotécnica "Libertador San Martín". Universidad Nacional de Rosario
Dirección: Ov. Lagos 1000 - 2170 Casilda - Santa Fe - Argentina
Tel: (54) (03464) 422226.
Fax: (54) (03464) 427789.
E-Mail: biblio-eac@unr.edu.ar